000
00231nam a2200097Ia 4500
008
190216s9999||||xx |||||||||||||| ||und||
100
_a
Sankara Pillai G
245
0
_a
Malayalam-Pushpakireedam
260
_b
Current Books
942
_c
BK
999
_c
30314
_d
30314